00253nam a2200097Ia 4500008004100000041000800041100002000049245004600069260002100115999001900136230508s1999 xx 000 0 und d aeng aROBERT D. SMITH aMATHAMATICS FOR MACHINE TECHNOLOGY 4TH ED bDELMAR PUBc1999 c738577d738577